000
00289nam a22001337a 4500
008
181031b xxu||||| |||| 00| 0 eng d
020
_a
9780131149625
041
_a
eng
080
_2
2nd
_a
316
100
_a
50
101
_a
SOC
245
_a
Critical Thinking
_c
Paul,R
942
_2
udc
_c
BK
999
_c
51268
_d
51268